Transferencia de tecnología agrícola por medio de la migración mexicana /

Wedi'i Gadw mewn:
Manylion Llyfryddiaeth
Prif Awdur: Nichols, Sandra
Fformat: Texto
Tagiau: Ychwanegu Tag
Dim Tagiau, Byddwch y cyntaf i dagio'r cofnod hwn!

MARC

LEADER 00000 a a2200000 04500
001 4900
003
040
100 |a Nichols, Sandra  
245 |a Transferencia de tecnología agrícola por medio de la migración mexicana /  |c Sandra Nichols 
773 |g volumen 25, número 1; páginas 27-34  
999 |c 28715  |d 28715